| 000 | 00618na a2200229 4500 | ||
|---|---|---|---|
| 001 | 19399 | ||
| 003 | MIRAKIL | ||
| 005 | 20181213155105.0 | ||
| 008 | 161214b tu 000 0 | ||
| 040 |
_aMilas _btur _cTR-AnCHP |
||
| 041 | _atur | ||
| 082 |
_a303.625 _bA92k 2012 |
||
| 090 | _a303.625 A92k 2012 | ||
| 100 | _aAydın, Nurullah | ||
| 245 |
_aKüresel terör ve terörizm _cNurullah Aydın |
||
| 250 | _a2. bs. | ||
| 260 |
_aİstanbul _bKum Saati Yayınları _c2012 |
||
| 300 |
_a327 s. _c21 sm. |
||
| 500 | _aYapıt yazarından imzalıdır | ||
| 650 |
_aTerörizm _xKüresel terör |
||
| 942 |
_2ddc _cBKS |
||
| 999 |
_c6358 _d6358 |
||